Quizzes
Events
Quiz Creation
Community
Videos
Private Events
Remove Ads
Sign In
Join for FREE
Feedback
Dark Mode
Quiz Categories
Sports
Geography
Music
Movies
Television
Just For Fun
Miscellaneous
History
Literature
Language
Science
Gaming
Entertainment
Religion
Holiday
For Kids
Quiz Lab
Recent
Popular Today
Quiz Kudos Today
Editor Picks
Curator Picks
Quizzes by...
Day
Popularity
Type
Ratings
Length
Year
Community
Subscriptions
Recent Discussions
Orange Saloon
Badges
Playlists
Quests
Create
Leaderboards
Showdown
Live 5
Trivia Bingo
Activity
Puzzle Library
Sporcle Events
Private Events
Virtual Trivia
Globe League
Become a Host
Pub Owners
SporcleCon
Opinionation
Our Games
Videos
Blog
Mobile Apps
Partnerships
Remove Ads and Go Orange
Feedback
Sports
Athletes
MLB
NBA
NHL
NFL
Soccer
Sports Teams
WWE
NCAA
Football
Premier League
Basketball
Baseball
Hockey
Golf
Tennis
Cricket
Rugby
Auto Racing
Olympics
World Cup
Sports
Athletes
MLB
NBA
NHL
NFL
Soccer
Sports Teams
WWE
NCAA
Football
Premier League
Basketball
Baseball
Hockey
Golf
Tennis
Cricket
Rugby
Auto Racing
Olympics
World Cup
Random Quiz
Search Sporcle
×
Quiz Lab
Quiz Lab
Sports
Soccer
Type in answers that appear in a list
Type in answers that appear in a list
Classic
Best Score? Go Orange.
Chelsea Players in England Squads Stats
Can you name the Chelsea Players named in a World Cup or Euros Squad whilst at Chelsea (1950-2012)?
By
CFCJoseph
4m
26 Questions
901 Plays
901 Plays
901 Plays
Comments
Comments
Give Quiz Kudos
Give Quiz Kudos
-
- Ratings
hide this ad
Replay
Link that replays current quiz
Next Quiz
Link to next quiz in quiz playlist
You Got
0%
They Got
Avg Score
71%
Avg Friend Score
Upgrade to see
Score Distribution
Jump to the score distribution portion of the page
Score
0/26
Timer
04:00
0
Plays Today
Tournament
Player
% Correct
Euro 2004
John Terry
98.8%
World Cup 2006
John Terry
98.8%
World Cup 2010
John Terry
98.7%
Euro 2004
Frank Lampard
98.4%
World Cup 2006
Frank Lampard
98.3%
World Cup 2010
Frank Lampard
98.3%
World Cup 2010
Ashley Cole
97.2%
Euro 2012
Ashley Cole
97.2%
Euro 2004
Joe Cole
97.1%
World Cup 2006
Joe Cole
97.1%
World Cup 2010
Joe Cole
97.1%
Euro 2012
John Terry
96.6%
Euro 2004
Wayne Bridge
77.6%
Tournament
Player
% Correct
World Cup 2006
Wayne Bridge
77.6%
Euro 2000
Dennis Wise
73.9%
World Cup 1998
Graeme Le Saux
68.8%
World Cup 1966
Peter Bonetti
60.5%
World Cup 1970
Peter Bonetti
60.5%
World Cup 1970
Peter Osgood
53.1%
World Cup 1986
Kerry Dixon
50.7%
World Cup 1990
Dave Beasant
47.9%
Euro 1988
Tony Dorigo
39.5%
World Cup 1990
Tony Dorigo
39.5%
World Cup 1950
Roy Bentley
21.8%
World Cup 1958
Peter Sillett
7.9%
World Cup 1958
Peter Brabrook
6.4%
Quiz Playlist
Details
Report
Send in Message
Add To Playlist
Classic:
Type in answers that appear in a list
Quiz Source
Last Updated: Feb 16, 2017
Quiz Scoreboard
CHALLENGE
Sign Up to Join the Scoreboard
Show All
Scores
Hide
Comments
May contain spoilers
Recently Published
NBA Finals Game Top Scorers (2010s)
by flibbidy
Sports
5m
Guess the 'R' Things in 3 Words
by MSUKent
Miscellaneous
3m
Actor to Badly Drawn Movie III
by MoMosMoProblems
Movies
5m
More to Explore
Quiz From the Vault
Featured Blog Post
Where Does Lost Luggage Go?
hide this ad
You Might Also Like...
Tags
Soccer Quiz
Chelsea
England
England Football
England Players
Squad Members
Today's Top Quizzes in Sports
Browse Sports
hide this ad
Today's Top Quizzes in Soccer
Browse Soccer
Top Contributed Quizzes in Sports
1
Les joueurs à 100 buts en Ligue 1 Uber Eats
2
2022 World Cup Stars
3
2024 March Madness Bracket
4
Millionaire: NBA Finals Edition
5
Players with Multiple 50 Home Run Seasons
6
Nickname Match: Athletes VI
7
Criteria MLB: Left Handed Sluggers
8
Iconic Moments in Football - Multiple Choice
9
NFL MVPs ordered
10
First NBA MVP by Team
Explore More
Trending Topics
Kpop
Disney
Marvel
Harry Potter
NBA
Crossword
Anime
Soccer
NFL
WWE
Song
Pokémon
Country
The Office
Puzzle
hide this ad
More By:
CFCJoseph
Quiz
Plays
Rating
Category
Featured
Created
Didier Drogba's Goals for Chelsea
971
4.00
Sports
Jan 27, 2012
Top 10 Movies Per Decade According to WatchMojo.com
967
3.00
Movies
Apr 19, 2014
England Managers 1st Starting Line-Ups
957
4.17
Sports
Nov 7, 2011
England Players During Euro 2012 Qualifiers
906
4.00
Sports
Oct 8, 2011
Chelsea Players in England Squads
901
5.00
Sports
Feb 17, 2012
Go to Creator's Profile
Score Distribution
Quiz Creator Spotlight
CFCJoseph
Follow
Send a Message
Quizzes Created
-
Created Quiz Play Count
-
More By This Creator
Popular Quizzes Today
1
Find the US States - No Outlines Minefield
2
Find the US States
3
The Countries of the World
4
10 Largest US States in Order
5
Find the Countries of Europe - No Outlines Minefield
6
US States
7
Guess the 'R' Things in 3 Words
8
NBA Finals Game Top Scorers (2010s)
More Sports Quizzes
MLB TOP 15 BEST HITTERS OF THE 1930'S
Quiz Lab
Trending Quizzes
First Name TV: Leading Men
First Name TV: Leading Women Drama
Match the Book to the Film II
3-Word Movies in 1 Word II
Match the Book to the Film VI
Recently Updated
Women's Final Four Teams by Year
bhenderson79
Presidents Quartet II
eogle
Anything But Clue(do)
eogle
Anything But Oceanian Capitals
eogle
Anything But 7
eogle
Anything But Thing
eogle
Word Ladder: February 29
pecheneg
Song Title Questions
pecheneg
Women's NCAA Tournament #1 Seeds
pecheneg
Celebrity Mug Shots
pecheneg
Trending Topics
Harry Potter
Disney
NBA
Kpop
Marvel
Anime
Crossword
NFL
The Office
Song
Soccer
Pokémon
Puzzle
Country
WWE
Your Account Isn't Verified!
In order to create a playlist on Sporcle, you need to verify the email address you used during registration. Go to your
Sporcle Settings
to finish the process.
Report this User
Report this user for behavior that violates our
Community Guidelines
.
Details:
Send Report
Go to the Sporcle.com Mobile Site →
Comments